000 01241nam a22002177a 4500
999 _c168638
_d168638
005 20191018112550.0
010 _aB-730568
020 _a9789353093600
_c40.00
035 _aB-730568
037 _bडी.बी.ए.डी./ उपहार
082 _a
100 _aगोपालकृष्णन, कार्तिका
245 _aयूं सुलझा दो सहेलियों का झगड़ा /
_cकार्तिका गोपालकृष्णन ; तसनीम अमीरुद्दीन द्वारा चित्रांकित ; अमरदीप द्वारा हिन्दी अनुवाद
260 _aनई दिल्ली
_bप्रथम बुक्स
_c2018
270 _a#621, 2nd floor, 5th Main, OMBR Layout, Banaswadi,
_bBengaluru
_e560043
_k+91 80 42052574, 91 11 41042483
300 _a16पृ.
_bसचित्र
_c14x20 सेमी (अजिल्द)
700 _928835
_aतसनीम अमीरुद्दीन
700 _928836
_aअमरदीप
942 _2ddc
_cCH
_h
_mगोपाल